• 首页
  • 本馆介绍
  • 公告通知
  • 最新文献
  • 馆藏检索
  • 电子资源
  • 读者导购
  • 参考咨询
  • 我的图书馆
  • 登录
  • 详细信息显示
  • 放入我的书架
  • 预约/预借图书
  • 作者相关作品
  • 分类相关作品
  • 丛书相关作品
  • 出版社相关作品

书目信息

  • 表格格式
  • 工作单格式
  • 卡片格式
题名:
营造上帝之城
    
 
作者: 王萍丽 著
分册:  
出版信息: 北京   北京大学出版社  2005
页数: 191页
开本: 23cm
丛书名: 缤纷人文丛书
单 册:
中图分类: J19
科图分类:
主题词: 宗教艺术--研究--欧洲--中世纪 , 宗教艺术
电子资源:
ISBN: 7-301-08426-9
000 00923oam2 2200277 450
001 012007416949
005 20070523093718.26
010    @a7-301-08426-9@dCNY40.00
100    @a20070515d2005 km y0chiy0120 ea
101 0  @achi
102    @aCN@b110000
105    @aac z 000yy
106    @ar
200 1  @a营造上帝之城@Aying zao shang di zhi cheng@e中世纪的幽暗与冷艳@f王萍丽著@Fwang ping li zhu
210    @a北京@c北京大学出版社@d2005
215    @a191页@c照片,图@d23cm
225 2  @a缤纷人文丛书
330    @a本书介绍了巴西里卡式教堂、拜占庭式教堂、罗马式教堂、哥特式教堂的建筑特色,还介绍了教堂里的嵌画、插画、花窗、壁画艺术。
461  0 @12001 @a缤纷人文丛书
517 1  @a中世纪的幽暗与冷艳@Azhong shi ji de you an yu leng yan
606 0  @a宗教艺术@x研究@y欧洲@z中世纪
606 0  @a宗教艺术
690    @aJ19@v4
701  0 @a王萍丽@Awang ping li@4著
801  0 @aCN@bRULIN@c20070523
905    @dJ19@e71@s8
    
    营造上帝之城:中世纪的幽暗与冷艳/王萍丽著.-北京:北京大学出版社,2005
    191页:照片,图;23cm.-(缤纷人文丛书)
    
    
    ISBN 7-301-08426-9:CNY40.00
    本书介绍了巴西里卡式教堂、拜占庭式教堂、罗马式教堂、哥特式教堂的建筑特色,还介绍了教堂里的嵌画、插画、花窗、壁画艺术。
●
相关链接 在E读中查询图书 在五车中查询图书 在当当中查询图书 在豆瓣中查询图书


正题名:营造上帝之城     索取号:J19/71         预约/预借

序号 登录号 条形码 馆藏地/架位号 状态 备注
1 0576348   205763486   第一样本阅览室/ [索取号:J19/71] 在馆    
2 0576349   205763495   第一借阅区/ [索取号:J19/71] 在馆    
3 0576350   205763501   第一借阅区/ [索取号:J19/71] 在馆    
4 0576351   205763510   第一借阅区/ [索取号:J19/71] 在馆    
5 0576352   205763529   第一借阅区/ [索取号:J19/71] 在馆    
6 0576353   205763538   第一借阅区/ [索取号:J19/71] 在馆    
7 0576354   205763547   第一借阅区/ [索取号:J19/71] 在馆    
8 0576355   205763556   第一借阅区/ [索取号:J19/71] 在馆    
唐山师范学院图书馆 欢迎您!
大连网信软件有限公司© 版权所有